000 00910nam a2200205Ii 4500
003 JO-AjNU
008 230605s9999||||xx |||||||||||||| ||und||
017 _a1987/66
040 _aJO-AjNU
_bara
_erda
_cJO-AjNU
041 _aara
050 1 4 _aLB1715.T372 1987
100 3 _aكلية كولومبو للتعليم التقني سنقافورة إعداد حميد، أكرم جاسم مترجم,
_eauthor
_938661
245 0 0 _aتصميم الأدوات الإختيارية لغرض تقويم الطلبة:تدريب المدرسين قبل الخدمة
264 3 1 _aبغداد:وزارة التعليم العالي والبحث العلمي مؤسسة المعاهد الفنية،1987
300 _a221ص
336 _atext
_btxt
_2rdacontent
337 _aunmediated
_bn
_2rdamedia
338 _avolume
_bnc
_2rdacarrier
650 4 _aالإختبارات والمقاييس التربوية.
_938662
999 _aA16261
_c19829
_d19829